Water pollution in the United States. Third report of the Special Advisory Committee on Water Pollution. National Resources Committee. Washington, D. C. Message from the President of the United States transmitting a report on water pollution in the United States.

Bibliographic Details
Corporate Authors: United States. Congress. House. Committee on Rivers and Harbors, ProQuest (Firm)
Format: eBook
Language:English
Published: Washington : [publisher not identified], 1939.
Series:United States congressional serial set.
Subjects:
Online Access:Connect to the full text of this electronic book

MARC

Tag First Indicator Second Indicator Subfields
LEADER 00000cam a22000001a 4500
001 in00003096551
005 20190403171157.0
006 m o d
007 cr un mmmapmmp
008 080108s1939 dcuabd o f000 0 eng d
035 |a cis2004205980 
040 |a UMI  |c UMI  |d UtOrBLW 
043 |a n-us--- 
099 |a ProQuest Serial Set Number 10334 H.doc.155 
110 1 |a United States.  |b Congress.  |b House.  |b Committee on Rivers and Harbors. 
245 1 0 |a Water pollution in the United States. Third report of the Special Advisory Committee on Water Pollution. National Resources Committee. Washington, D. C. Message from the President of the United States transmitting a report on water pollution in the United States. 
246 1 |a 3d report of Special Advisory Committee on Water Pollution 
264 1 |a Washington :  |b [publisher not identified],  |c 1939. 
300 |a 1 online resource. 
336 |a text  |b txt  |2 rdacontent 
337 |a computer  |b c  |2 rdamedia 
338 |a online resource  |b cr  |2 rdacarrier 
490 0 |a H.doc.155 
500 |a Includes illustrations. 
500 |a Record is based on bibliographic data in ProQuest U.S. Serial Set Digital Collection (last viewed Jan. 2008). Reuse except for individual research requires license from ProQuest, LLC. 
510 3 |a ProQuest U.S. Serial Set Digital Collection 
500 |a Electronic resource. 
650 0 |a Coal mines and mining. 
650 0 |a Executive advisory bodies. 
650 0 |a Interstate agreements. 
655 7 |a Electronic books.  |2 local 
710 2 |a ProQuest (Firm) 
830 0 |a United States congressional serial set. 
856 4 0 |u http://proxy.library.tamu.edu/login?url=http://congressional.proquest.com/congcomp/getdoc?SERIAL-SET-ID=10334+H.doc.155  |z Connect to the full text of this electronic book  |t 0 
999 |a MARS 
999 f f |s 0abdd21d-c29e-3402-b7a0-efb7d05945e8  |i 594f9199-a22c-37f8-8a81-78f0d4b43aef  |t 0 
952 f f |a Texas A&M University  |b College Station  |c Electronic Resources  |d Available Online  |t 0  |e ProQuest Serial Set Number 10334 H.doc.155  |h Other scheme 
998 f f |a ProQuest Serial Set Number 10334 H.doc.155  |t 0  |l Available Online